Základní marketingová strategie.

Zameranie na najaktuálnejší problémový okruh základnej marketingovej stratégie v súčasných podmienkach, a to na cenovú stratégiu podniku a v jej rámci predovšetkým na metodiku tvorby cien ponuky a praktickú cenovú politiku. Základné typy realizačných cien použiteľných v súčasných trhových podmienkac...

Descrizione completa

Salvato in:
Dettagli Bibliografici
Autore principale: Maca, Erich
Natura: Capitolo di libro
Lingua:ceco
Soggetti:
Tags: Aggiungi Tag
Nessun Tag, puoi essere il primo ad aggiungerne!!

MARC

LEADER 00000naa a2200000 4500
001 r009798
005 20220831090021.3
041 0 |a cze 
044 |a [CS] 
245 1 0 |a Základní marketingová strategie.  |c E. Maca 
520 |a Zameranie na najaktuálnejší problémový okruh základnej marketingovej stratégie v súčasných podmienkach, a to na cenovú stratégiu podniku a v jej rámci predovšetkým na metodiku tvorby cien ponuky a praktickú cenovú politiku. Základné typy realizačných cien použiteľných v súčasných trhových podmienkach APK. 
610 2 0 |a marketing 
610 2 0 |a stratégia podniková 
610 2 0 |a tvorba cien 
610 2 0 |a politika cenová 
610 2 0 |a komplex poľnohospodársko-potravinársky 
610 2 0 |a potraviny 
610 2 0 |a trh 
610 2 0 |a náklady a ceny 
100 1 |a Maca, Erich